| 000 | 00808nam a22002055i 4500 | ||
|---|---|---|---|
| 001 | 53674 | ||
| 003 | ES-MaACL | ||
| 005 | 20230906162816.0 | ||
| 007 | t| | ||
| 008 | 960704s1898 sp ||||1| spa d | ||
| 040 |
_aCAM _bspa _cCAM |
||
| 080 | _a378.5(460.283 C.)(060.55) | ||
| 110 | 2 |
_aInstituto de Segunda Enseñanza de Cuenca. _95008 |
|
| 245 | 1 | 0 |
_aMemoria acerca del estado del Instituto de 2ª Enseñanza de Cuenca durante el curso 1897 á 1898 / _cleida el día 1º de octubre de 1898 por Jaime Fernández-Castañeda y Valle. |
| 260 |
_aCuenca : _b[s.n.], _c1898 ( _fImprenta de Celedonio León) |
||
| 300 |
_a57 p. ; _c21 cm. |
||
| 610 | 2 | 4 |
_aInstituto de Segunda Enseñanza de Cuenca- _vMemorias. _9144976 |
| 700 | 0 |
_aFernández-Castañeda y Valle, Jaime. _949566 |
|
| 852 |
_aES-MaACL _jT-867-F-8 |
||
| 999 |
_c53674 _d53674 |
||